Текст томруулах:    
Fundamentals of management (Бичлэгийн дугаар. 145656)
000 -УДИРДЛАГА
Удирдлага 00737nam a22002537a 4500
003 - ХЯНАЛТЫН ТОО ТОДОРХОЙЛОГЧ
Код MN-UlNUM
005 - БИЧИЛТ ХИЙСЭН ОГНОО
Тухайн бичилтийг бичсэн засварласан сүүлийн огноо 20251117160258.0
008 - ЕРӨНХИЙ МЭДЭЭЛЭЛ
Ерөнхий мэдээлэл 251117s1990 iluab||| |||| 001 0 eng |
020 ## - ISBN
ISBN 0256078467
040 ## - БИЧЛЭГ ҮҮСГЭГЧ БАЙГУУЛЛАГА
Бичлэг үүсгэгч номын сангийн код МУИС-ийн номын сан
084 ## - ББК АНГИЛАЛ
Нэмэлт тусгалт Нэг сэдэвт бүтээл
ББК ангилал 65.290-2
Зохиогчийн гурван тэмдэгт D 72
Мэдлэгийн ялгаа 65 - Эдийн засаг
100 1# - ЗОХИОГЧ
Зохиогчийн нэр Donnelly, James H.
245 10 - ҮНДСЭН ГАРЧИГ
Номын нэр Fundamentals of management
Оролцогчдын тухай мэдээ James H. Donnelly, Jr., James L. Gibson, John M. Ivancevich.
250 ## - ДАХИН ХЭВЛЭЛТ
Дахин гаралтын дугаар 7th ed.
260 ## - ГАРАЛТЫН МЭДЭЭ
Хэвлэгдсэн газар Homewood, IL :
Хэвлэлийн газар BPI/Irwin,
Хэвлэгдсэн он 1990.
300 ## - МАТЕРИАЛЫН ТОДОРХОЙЛОЛТ
хуудасны тоо xxxiii, 828 p. :
Бусад тоон мэдээлэл col. ill. ;
Хэмжээ 26 cm.
500 ## - Тайлбар
Дансны дугаар БС 2212
546 ## - ХЭЛНИЙ ТУХАЙ МЭДЭЭ
Хэл Англи хэл дээр,
653 ## - Түлхүүр үг
Түлхүүр үг Management.
700 1# - ХАМ ЗОХИОГЧИД
Ба бус Gibson, James L.
Dates associated with a name 1935-
Fuller form of name (James Lawrence)
700 1# - ХАМ ЗОХИОГЧИД
Ба бус Ivancevich, John M.
942 ## - ЭЛЕМЕНТИЙН ТӨРӨЛ
Зүйлийн төрөл Ном